Religion of Manipur: beliefs, ritual and historical development BOOK LOST ( COST REALIZED) (Record no. 22133)

MARC details
000 -LEADER
fixed length control field 00778nam a2200241Ia 4500
003 - CONTROL NUMBER IDENTIFIER
control field OSt
005 - DATE AND TIME OF LATEST TRANSACTION
control field 20220912145047.0
008 - FIXED-LENGTH DATA ELEMENTS--GENERAL INFORMATION
fixed length control field 220909b |||||||| |||| 00| 0 eng d
037 ## - SOURCE OF ACQUISITION
Terms of availability Textual
040 ## - CATALOGING SOURCE
Original cataloging agency CSL
Language of cataloging eng
Transcribing agency CSL
041 ## - LANGUAGE CODE
Language code of text/sound track or separate title eng
100 ## - MAIN ENTRY--PERSONAL NAME
Personal name Parratt Saroj Nalini
245 #0 - TITLE STATEMENT
Title Religion of Manipur: beliefs, ritual and historical development BOOK LOST ( COST REALIZED)
260 ## - PUBLICATION, DISTRIBUTION, ETC.
Place of publication, distribution, etc. Calcutta
Name of publisher, distributor, etc. Firma KLM Private Limited
Date of publication, distribution, etc. 1980
300 ## - PHYSICAL DESCRIPTION
Extent xi,218p
Dimensions cm.
942 ## - ADDED ENTRY ELEMENTS (KOHA)
Classification part Y:3(Q).27714v, M0
Koha item type Textual
Source of classification or shelving scheme Colon Classification (CC)
Holdings
Withdrawn status Lost status Damaged status Not for loan Home library Current library Date acquired Total Checkouts Full call number Barcode Date last seen Price effective from Koha item type Public note
        Central Science Library Central Science Library 2022-09-12   Y:3(Q).27714v M0 SL0706730 2022-09-12 2022-09-12 Textual Book lost, cost deposited vide Univ. receipt No. 7761434095. Acc. No. SL0706730
Copyright @ Delhi University Library System